000 002550000a22000970004500
100 1 _aHunter, Kent R.
245 1 0 _aThe character of the Lausanne covenant
300 _aVol. 16, Núm 57 (1989), Páginas 23-24
773 0 _tWorld Evangelization
942 _cANA
999 _c57911
_d57911